| 000 | 00913nmm a2200265 a 4500 | ||
|---|---|---|---|
| 001 | ocm000659983 | ||
| 003 | TR-IsHL | ||
| 005 | 20201028134513.0 | ||
| 008 | 131121s2008 tu tur | ||
| 007 | cr cn | ||
| 020 | _a9789754827736 | ||
| 035 |
_a659983 _b(N$T) |
||
| 050 | 0 | 4 |
_aTP248.195.T9 _bE73 2008 |
| 090 | 0 | 4 |
_aTP248.195.T9 _bE73 2008 |
| 100 | 1 | _aErbaş, Hayriye | |
| 245 | 1 | 0 |
_aTürkiye'de biyoteknoloji ve toplumsal kesimler / profesyoneller kentsel tüketiciler köylüler _h[electronic resource] / _cHayriye Erbaş |
| 260 |
_aAnkara : _bAnkara Üniversitesi Biyoteknoloji Enstitüsü, _c2008 |
||
| 300 | _a240 p. | ||
| 650 | 4 | _aTıp | |
| 650 | 4 | _aMedicine | |
| 650 | 0 |
_aBiyoteknoloji _x Türkiye |
|
| 650 | 0 |
_aBiotechnology _x Turkey |
|
| 650 | 7 |
_aSCIENCE / Biotechnology _2bisacsh |
|
| 856 | 4 | 0 | _uhttp://search.ebscohost.com/login.aspx?direct=true&scope=site&db=e011xww&AN=659983 |
| 999 |
_c6229 _d6229 |
||